Cadernos FGV Direito Rio Sřie Cln̕icas Educaȯ̂ e Direito Vol. 10

Bibliographic Details
Main Author: Teixeira Mendes, Andr ̌Pacheco
Format: eBook
Language:Portuguese
Published: Ro̕ de Janeiro: FGV - Direito Rio, 2019
Series:Cadernos FGV Direito Rio - Sřie Cln̕icas. Educaȯ̂ e Direito
Subjects:
Online Access:Acceso restringido

MARC

LEADER 00000nam a22000007a 4500
005 20200806003924.0
007 cr|||| ||||
008 200806s2019 br |||||s|||| 00||0 por d
020 |a 978-85-9597-038-0 
035 |a 31908 
040 |a vLex 
090 |c 10718  |d 10718 
100 1 |a Teixeira Mendes, Andr ̌Pacheco 
245 1 0 |a Cadernos FGV Direito Rio Sřie Cln̕icas Educaȯ̂ e Direito  |h [Recurso electrn̤ico] /  |c Andr ̌Pacheco Teixeira Mendes  |n Vol. 10 
256 |a Servicio en ln̕ea 
260 |a Ro̕ de Janeiro:  |b FGV - Direito Rio,  |c 2019 
300 |a 1 recurso electrn̤ico 
490 0 |a Cadernos FGV Direito Rio - Sřie Cln̕icas. Educaȯ̂ e Direito 
506 1 |a Disponible solo en los productos indicados  |d vLex Global  |d vLex Global (Academic Edition, excluding Law Schools)  |d vLex Global (U.S. Academic Edition, Law Schools)  |d vLex Global (U.S. Academic Edition, excluding Law Schools)  |d vLex Global (Academic Edition, Law Schools) 
650 0 4 |a Derecho Civil  |z Brasil 
650 0 4 |a Derecho Laboral y Seguridad Social  |z Brasil 
650 0 4 |a Derecho Pb︢lico y Administrativo  |z Brasil 
740 0 |a vLex Libros (Servicio en ln̕ea) 
856 4 0 |u http://vlex.com/source/cadernos-fgv-direito-rio-serie-clinicas-educa-o-e-direito-vol-10-31908  |z Acceso restringido 
942 |c BOOK 
999 0 |a Civil Law 
999 0 |a Labor Law and Social Security 
999 0 |a Public and Administrative Law